header

British playwrights, 1880-1956 (Record no. 5285)

MARC details
000 -LEADER
fixed length control field 01632nam a2200361 a 4500
001 - CONTROL NUMBER
control field ebr10001981
003 - CONTROL NUMBER IDENTIFIER
control field CaPaEBR
006 - FIXED-LENGTH DATA ELEMENTS--ADDITIONAL MATERIAL CHARACTERISTICS--GENERAL INFORMATION
fixed length control field m u
007 - PHYSICAL DESCRIPTION FIXED FIELD--GENERAL INFORMATION
fixed length control field cr cn|||||||||
008 - FIXED-LENGTH DATA ELEMENTS--GENERAL INFORMATION
fixed length control field 951218s1996 ctu sbd 001 0deng
010 ## - LIBRARY OF CONGRESS CONTROL NUMBER
Canceled/invalid LC control number 95053105
020 ## - INTERNATIONAL STANDARD BOOK NUMBER
Cancelled/invalid ISBN 0313287589 (hardcover : alk. paper)
040 ## - CATALOGING SOURCE
Original cataloging agency CaPaEBR
Transcribing agency CaPaEBR
035 ## - SYSTEM CONTROL NUMBER
System control number (OCoLC)648348596
050 14 - LIBRARY OF CONGRESS CALL NUMBER
Classification number PR736
Item number .B7 1996eb
082 04 - DEWEY DECIMAL CLASSIFICATION NUMBER
Classification number 822/.809/03
Edition number 20
245 00 - TITLE STATEMENT
Title British playwrights, 1880-1956
Medium [electronic resource] :
Remainder of title a research and production sourcebook /
Statement of responsibility, etc edited by William W. Demastes and Katherine E. Kelly.
260 ## - PUBLICATION, DISTRIBUTION, ETC. (IMPRINT)
Place of publication, distribution, etc Westport, Conn. :
Name of publisher, distributor, etc Greenwood Press,
Date of publication, distribution, etc 1996.
300 ## - PHYSICAL DESCRIPTION
Extent xii, 457 p.
504 ## - BIBLIOGRAPHY, ETC. NOTE
Bibliography, etc Includes bibliographical references (p. [425]-427) and indexes.
533 ## - REPRODUCTION NOTE
Type of reproduction Electronic reproduction.
Place of reproduction Palo Alto, Calif. :
Agency responsible for reproduction ebrary,
Date of reproduction 2013.
Note about reproduction Available via World Wide Web.
-- Access may be limited to ebrary affiliated libraries.
650 #0 - SUBJECT ADDED ENTRY--TOPICAL TERM
Topical term or geographic name as entry element English drama
Chronological subdivision 20th century
Form subdivision Dictionaries.
Topical term or geographic name as entry element English drama
Chronological subdivision 20th century
Form subdivision Bio-bibliography
-- Dictionaries.
Topical term or geographic name as entry element English drama
Chronological subdivision 19th century
Form subdivision Bio-bibliography
-- Dictionaries.
Topical term or geographic name as entry element Dramatists, English
Chronological subdivision 20th century
Form subdivision Biography
-- Dictionaries.
Topical term or geographic name as entry element Dramatists, English
Chronological subdivision 19th century
Form subdivision Biography
-- Dictionaries.
Topical term or geographic name as entry element English drama
Chronological subdivision 19th century
Form subdivision Dictionaries.
655 #7 - INDEX TERM--GENRE/FORM
Genre/form data or focus term Electronic books.
Source of term local
700 1# - ADDED ENTRY--PERSONAL NAME
Personal name Demastes, William W.
Personal name Kelly, Katherine E.,
Dates associated with a name 1947-
710 2# - ADDED ENTRY--CORPORATE NAME
Corporate name or jurisdiction name as entry element ebrary, Inc.
856 40 - ELECTRONIC LOCATION AND ACCESS
Uniform Resource Identifier <a href="http://site.ebrary.com/lib/rucke/Doc?id=10001981">http://site.ebrary.com/lib/rucke/Doc?id=10001981</a>
Public note An electronic book accessible through the World Wide Web; click to view

No items available.

© 2026 Rongo University
Contact us: librarian | system librarian | Rongo university